000 00779nam a2200229 i 4500
001 82533
003 ES-MaACL
005 20250826065148.0
007 t|
008 041110s1960 sp ||||1| spa d
100 1 _aDémer.
_9160691
245 1 0 _a[Ingeniería de Métodos].
260 _aMadrid :
_bDemer Fenix,
_c[1960]
300 _a2 v. :
_bil. ;
_c21 cm.
505 8 _aContiene: T. I: Introducción a la Ingeniería de Métodos / por Demer. -- T. II: Diagramas / por Eduardo Méndez, J. Luis Rovira.
650 0 7 _aOrganización del trabajo
_2embne
_915759
650 0 7 _aTiempos de trabajo
_2embne
_917536
700 1 _aMéndez, Eduardo.
_980115
700 1 _aRovira, José Luis.
_9100130
852 _aES-MaACL
_jE-4261-62
_bR.46990
999 _c82533
_d82533